000
00218nam a2200097Ia 4500
005
20251222114343.0
008
251222s1900||||xx |||||||||||||| ||spa||
082
_a
DVD0111/D78/2005
245
0
_a
Chicken little:
942
_c
DVD
999
_c
940
_d
940